| 000 | 00712nam a2200241Ia 4500 | ||
|---|---|---|---|
| 003 | GCL | ||
| 008 | 140319s9999 xx 000 0 ara d | ||
| 040 |
_aGCL / _cGCL |
||
| 082 | 0 | 4 |
_a398.22 _bم ا |
| 245 | 1 | 0 | _aالف ليلة وليلة |
| 260 |
_a[S.N] : _bالمكتبة الثقافية ، _c1981 |
||
| 300 | _a4 مجلدات | ||
| 490 | _a | ||
| 650 | 0 | 4 | _aالفولكلور |
| 650 | 0 | 4 | _aالادب |
| 650 | 0 | 4 | _aالتراث العربى |
| 650 | 0 | 4 | _aالاساطير العربية |
| 650 | 0 | 4 | _aالادب الشعبى |
| 650 | 0 | 4 | _aالقصص الخرافية |
| 650 | 0 | 4 | _aالف ليلة وليلة |
| 650 | 0 | 4 | _aالادب الشعبى - العالم العربى |
| 942 |
_2ddc _cBK |
||
| 999 |
_c56219 _d56219 |
||